MyGZULibrary

Intercultural communication : (Record no. 7683)

MARC details
000 -LEADER
fixed length control field 01697cam a2200337 i 4500
001 - CONTROL NUMBER
control field 17971678
003 - CONTROL NUMBER IDENTIFIER
control field GZU
005 - DATE AND TIME OF LATEST TRANSACTION
control field 20210512092838.0
008 - FIXED-LENGTH DATA ELEMENTS--GENERAL INFORMATION
fixed length control field 131213t2015 caua b 001 0 eng
020 ## - INTERNATIONAL STANDARD BOOK NUMBER
International Standard Book Number 9781452256597 (pbk.)
040 ## - CATALOGING SOURCE
Original cataloging agency DLC
Language of cataloging eng
Transcribing agency DLC
Description conventions rda
Modifying agency DLC
042 ## - AUTHENTICATION CODE
Authentication code pcc
050 00 - LIBRARY OF CONGRESS CALL NUMBER
Classification number HM1211
Item number .NEU 2014
082 00 - DEWEY DECIMAL CLASSIFICATION NUMBER
Classification number 303.48/2
Edition number 23
100 1# - MAIN ENTRY--PERSONAL NAME
Personal name Neuliep, James William,
Dates associated with a name 1957-
245 10 - TITLE STATEMENT
Title Intercultural communication :
Remainder of title a contextual approach /
Statement of responsibility, etc. James W. Neuliep, St. Norbert College.
250 ## - EDITION STATEMENT
Edition statement 6th Edition.
264 #1 - PRODUCTION, PUBLICATION, DISTRIBUTION, MANUFACTURE, AND COPYRIGHT NOTICE
Place of production, publication, distribution, manufacture Thousand Oaks, CA :
Name of producer, publisher, distributor, manufacturer SAGE Publications, Inc.,
Date of production, publication, distribution, manufacture, or copyright notice [2014]
264 #4 - PRODUCTION, PUBLICATION, DISTRIBUTION, MANUFACTURE, AND COPYRIGHT NOTICE
Date of production, publication, distribution, manufacture, or copyright notice ©2014
300 ## - PHYSICAL DESCRIPTION
Extent xxi, 501 pages :
Other physical details illustrations ;
Dimensions 23 cm
336 ## - CONTENT TYPE
Content type term text
Source rdacontent
337 ## - MEDIA TYPE
Media type term unmediated
Source rdamedia
338 ## - CARRIER TYPE
Carrier type term volume
Source rdacarrier
504 ## - BIBLIOGRAPHY, ETC. NOTE
Bibliography, etc. note Includes bibliographical references and index.
505 0# - FORMATTED CONTENTS NOTE
Formatted contents note Preface to the sixth edition -- The necessity of intercultural communication -- The cultural context -- The microcultural context -- The environmental context -- The perceptual context -- The sociorelational context -- The verbal code -- The nonverbal code -- Developing intercultural relationships -- Intercultural conflict -- Intercultural communication in business, health care and educational settings -- Acculturation, culture shock, and intercultural competence -- References -- Glossary -- Photo credits -- Author index -- Subject index -- About the author.
650 #0 - SUBJECT ADDED ENTRY--TOPICAL TERM
Topical term or geographic name entry element Intercultural communication.
650 #0 - SUBJECT ADDED ENTRY--TOPICAL TERM
Topical term or geographic name entry element Culture.
906 ## - LOCAL DATA ELEMENT F, LDF (RLIN)
a 7
b cbc
c orignew
d 1
e ecip
f 20
g y-gencatlg
942 ## - ADDED ENTRY ELEMENTS (KOHA)
Source of classification or shelving scheme Library of Congress Classification
Koha item type Books
Edition 6th ed.
Classification part 1211
Item part NEU
Call number prefix HM
Holdings
Withdrawn status Lost status Damaged status Not for loan Collection code Home library Current library Shelving location Date acquired Total Checkouts Full call number Barcode Date last seen Copy number Price effective from Koha item type
        Non-fiction Mashava Campus Library Mashava Campus Library General Stacks 05/12/2021   HM1211NEU2014 025665 05/12/2021 c.1 05/12/2021 Books